000 01391nam a2200373 a 4500
001 ebr10395534
003 CaPaEBR
006 m u
007 cr cn|||||||||
008 100414s2010 inua s 001 0 eng d
010 _z 2010926831
020 _z9780470643181 (pbk : alk. paper)
020 _z0470643188 (pbk : alk. paper)
020 _z9780470908617 (e-book)
020 _z9780470908624 (e-book)
020 _z9780470908075 (e-book)
040 _aCaPaEBR
_cCaPaEBR
035 _a(OCoLC)712991428
050 1 4 _aTK5105.8885.A26
_bG35 2010eb
100 1 _aGalloway, Jon.
245 1 0 _aProfessional ASP.NET MVC 2
_h[electronic resource] /
_cJon Galloway ... [et al.].
260 _aIndianapolis, Ind. :
_bWiley Pub., Inc.,
_c2010.
300 _axxxii, 518 p. :
_bill.
490 0 _aWrox programmer to programmer
500 _aIncludes index.
533 _aElectronic reproduction.
_bPalo Alto, Calif. :
_cebrary,
_d2013.
_nAvailable via World Wide Web.
_nAccess may be limited to ebrary affiliated libraries.
630 0 0 _aActive server pages.
650 0 _aMicrosoft .NET Framework.
650 0 _aWeb site development.
650 0 _aSoftware patterns.
655 7 _aElectronic books.
_2local
710 2 _aebrary, Inc.
856 4 0 _uhttp://site.ebrary.com/lib/rucke/Doc?id=10395534
_zAn electronic book accessible through the World Wide Web; click to view
999 _c88276
_d88276